| 000 | 00545cam a22001451 4500 | ||
|---|---|---|---|
| 082 |
_a621.395 _bMOD _cL-11, p.130 |
||
| 245 | 1 | 0 |
_aModern digital circuits. _cSamuel Weber, senior editor. |
| 260 |
_aNew York, _bMcGraw-Hill _c[c1964] |
||
| 300 |
_ax,358p. _billus. _c29cm. |
||
| 500 | _a"The 109 articles making up the book have all appeared in Electronics magazine ... 1961 to 1963." | ||
| 526 |
_a0 _b0 _c0 _d621_395000000000000_MOD |
||
| 650 | 0 |
_aElectronic digital computers _xCircuits. _936507 |
|
| 700 | 1 |
_aWeber, Samuel, _941566 |
|
| 942 |
_2ddc _cBK |
||
| 999 |
_c545635 _d545635 |
||